Alternativas europeas a la crisis centroamericana: Propuestas europeas frente a la crisis centroamericana

Gardado en:
Detalles Bibliográficos
Formato: Texto
Publicado: Santander: ICI
Etiquetas: Engadir etiqueta
Sen Etiquetas, Sexa o primeiro en etiquetar este rexistro!

MARC

LEADER 00000 a a2200000 04500
001 24351
003
040
090 |a 172707  
245 |a Alternativas europeas a la crisis centroamericana: Propuestas europeas frente a la crisis centroamericana  
260 |a Santander:   |b ICI  
300 |a 150 p.  
999 |c 4654  |d 4654